| 000 | 00580nam a22002297a 4500 | ||
|---|---|---|---|
| 999 |
_c7634 _d7634 |
||
| 001 | 7634 | ||
| 003 | BD-JhCC | ||
| 005 | 20180417084855.0 | ||
| 008 | 180212b1975 bg ad||| |||| 00| 0 eng d | ||
| 035 | _a(BD-JhCC)7634 | ||
| 040 |
_aBD-JhCC _dBD-JhCC |
||
| 041 | _aeng | ||
| 082 |
_a536 _bHOS 1975 |
||
| 100 | _aHossain, Tafazzal | ||
| 245 |
_aText book of Heat / _cTafazzal Hossain |
||
| 260 |
_aDhaka : _bBarnamala Press & Publication, _c1975. |
||
| 300 |
_a631 p. : _bill.; _c20 cm. |
||
| 500 | _aIncludes Index | ||
| 650 | _aHeat | ||
| 650 | _aScientists | ||
| 942 |
_2ddc _cBK |
||